Paroles : La musique - Nicoletta, reprise par Star academy - Statistiques

Statistiques générales
  • Ce quiz a été pris 74 fois
  • Le résultat moyen est 119 sur 176
Statistiques - réponses
Réponse % Correct
La
94%
Musique
92%
Oui
92%
De
90%
Le
90%
Je
86%
Sais
86%
Clé
84%
L'amour
84%
Qui
84%
À
82%
L'amitié
82%
Moi
82%
Sera
80%
Au
78%
Ma
76%
Vie
74%
Ne
72%
Qu'à
72%
Chanter
70%
Des
70%
Pour
68%
Ce
66%
En
66%
Il
66%
Rien
66%
Aux
64%
Ces
64%
Mon
62%
Toi
62%
Coins
60%
Me
60%
Sans
60%
Croyais
56%
Nuits
56%
Quatres
56%
Et
54%
Les
54%
But
52%
Crois
52%
Destin
52%
L'ennui
52%
Matins
52%
On
52%
Petits
52%
Brûlais
50%
Ami
48%
Suffisait
48%
Aujourd'hui
46%
Croire
46%
Gloire
46%
Marchais
46%
Peut
46%
Rêve
46%
Rêves
44%
Vérité
44%
Est
42%
Pas
42%
Trouver
42%
Alors
40%
Jours
40%
L'aube
40%
Plus
38%
Ta
38%
Tes
38%
Cherche
36%
Souris
36%
Tous
36%
Dont
34%
Écoute
34%
Loin
34%
Main
34%
Pluie
34%
Existe
32%
Long
32%
Sont
32%
Trop
32%
Creux
30%
Sois
30%
Soleil
30%
Triste
30%
Oiseaux
26%
Regarde
26%
Briller
24%
Ennuis
24%
Oublie
24%
Toutes
18%
Perdues
16%
D'heures
8%
Aucun quiz correspondant
Distribution des résultats
% des personnes avec chaque résultat
Percentile par nombre de réponses
Votre historique - résultats
Vous n’avez pas pris ce quiz